Polska historia - prawda czy fałsz? - Statystyki

Ogólne statystyki
  • Ten quiz został rozwiązany 1 172 razy
  • Średni wynik to 7 z 20
Answers on the Grid
Answers color-coded by a green-red scale on the quiz's grid according to % correct below.
Pierwszy polski prezydent, Gabriel Narutowicz, został zamordowany po pięciu dniach
Konstytucja 3 Maja została uchwalona mniej niż cztery lata później niż Konstytucja USA
Konstytucja 3 Maja była pierwszą konstytucją na świecie
Pierwszą stolicą Polski był Kraków
Kobiety w Polsce uzyskały prawo głosu w 1918 roku
Polska straciła niepodległość na 232 lata
Powstanie Styczniowe odbyło się wcześniej niż Powstanie Listopadowe
Mieszko I był pierwszym królem Polski
Rozbicie dzielnicowe Polski nastąpił po śmierci Kazimierza Wielkiego
We wszystkich trzech rozbiorach Polski udział brały Rosja, Austria i Prusy
Uniwersytet Jagielloński, założony przez Kazimierza Wielkiego, jest najstarszym działającym do dziś uniwersytetem w Europie
Gniezno było stolicą Polski przez prawie 300 lat
Najstarszym miastem w Polsce jest Zamość
Polska wypowiedziała wojnę Japonii
W 1939 roku, po wybuchu II Wojny Światowej, na myśliwce dla Polski zbiórki zorganizowali mieszkańcy w Tonga
W międzywojennej Polsce, Polacy mieli pomysł skolonizowania Madagaskaru.
Przez bardzo krótki czas Polacy rządzili w Sztokholmie
Wieliczka jest jedną z najstarszych kopalni soli na świecie
Po II Wojnie Światowej Łódź pełniła funkcje stołeczne
Księstwo Warszawskie zostało utworzone przez Napoleona Bonaparte
Bitwa nad Wisłą znana jest również jako Cud Warszawski
Lech Wałęsa zdobył Pokojową Nagrodę Nobla
Powstanie Warszawskie rozpoczęło się 1 sierpnia 1944 roku o godzinie 17:00
Po wybuchu II Wojny Światowej harcerze działali pod nazwą Szare Szeregi, współpracując z Armia Krajową
Jan III Sobieski ocalił Europę przed inwazją turecką, pokonując armię osmańską pod Wiedniem w 1683 roku
Potop Szwedzki miał miejsce w XVII wieku
Strajki "Solidarności" rozpoczęły się w Gdańsku
Polacy okupowali Moskwę
Polscy żołnierze zostali wysłani przez Napoleona na Haiti
Godzinę wybuchu Powstania Warszawskiego określa się mianem "Godziny W"
 
Statystyki odpowiedzi
Odpowiedź % Poprawnych
Lech Wałęsa zdobył Pokojową Nagrodę Nobla
46%
Powstanie Warszawskie rozpoczęło się 1 sierpnia 1944 roku o godzinie 17:00
45%
Godzinę wybuchu Powstania Warszawskiego określa się mianem "Godziny W"
44%
Jan III Sobieski ocalił Europę przed inwazją turecką, pokonując armię osmańską pod Wiedniem w 1683 roku
44%
Polacy okupowali Moskwę
39%
Potop Szwedzki miał miejsce w XVII wieku
39%
Po wybuchu II Wojny Światowej harcerze działali pod nazwą Szare Szeregi, współpracując z Armia Krajową
39%
Strajki "Solidarności" rozpoczęły się w Gdańsku
39%
Wieliczka jest jedną z najstarszych kopalni soli na świecie
39%
Kobiety w Polsce uzyskały prawo głosu w 1918 roku
37%
Pierwszy polski prezydent, Gabriel Narutowicz, został zamordowany po pięciu dniach
36%
Polscy żołnierze zostali wysłani przez Napoleona na Haiti
36%
Bitwa nad Wisłą znana jest również jako Cud Warszawski
34%
Księstwo Warszawskie zostało utworzone przez Napoleona Bonaparte
34%
W międzywojennej Polsce, Polacy mieli pomysł skolonizowania Madagaskaru.
32%
Polska wypowiedziała wojnę Japonii
31%
Przez bardzo krótki czas Polacy rządzili w Sztokholmie
27%
Konstytucja 3 Maja została uchwalona mniej niż cztery lata później niż Konstytucja USA
25%
W 1939 roku, po wybuchu II Wojny Światowej, na myśliwce dla Polski zbiórki zorganizowali mieszkańcy w Tonga
25%
Po II Wojnie Światowej Łódź pełniła funkcje stołeczne
18%
Nie znaleziono quizów pasujących do podanych kryteriów
Rozkład punktacji
Procent ludzi z każdym wynikiem
Percentyl według liczby udzielonych odpowiedzi
Twoja historia wyników
Nie rozwiązałeś tego quizu